| 000 | 00890nam a22002297a 4500 | ||
|---|---|---|---|
| 999 |
_c17539 _d17539 |
||
| 003 | AR-CdUCM | ||
| 008 | 190508b ||||| |||| 00| 0 spa d | ||
| 040 |
_aMUNICIPALIDAD PROVINCIAL DEL CUSCO _cBIBLIOTECA MUNICIPAL DEL CUSCO |
||
| 082 |
_a711 / _bP77 |
||
| 100 |
_aPopenoe, David _937599 |
||
| 245 |
_aLa frontera urbano industrial : _bEnsayos sobre las tendencias y metas institucionales en las comunidades modernas / |
||
| 260 |
_aBuenos Aires : _bEdisar, _c1976. |
||
| 300 |
_a247 páginas ; _c25 cm. |
||
| 505 | _aContenido : Complejidad urbano industrial -- Iglesia y la condición urbana -- Metas urbanas -- Crecimiento urbano. | ||
| 650 |
_aTendencias institucionales _937600 |
||
| 650 |
_aEconomía moderna _937601 |
||
| 650 |
_aTecnología urbana _937602 |
||
| 700 |
_aNaftalin, Arthur T. _937603 |
||
| 700 |
_aLong, Norton E. _937604 |
||
| 942 |
_2ddc _cLIBROS |
||
| 945 | _arcc | ||